Statistiques concernant Les 100 plus gros Transferts de Premier League (Arrivées)

Cliquez ici pour prendre le quiz!

Statistiques générales

  • Ce quiz a été pris 10 428 fois
    (3 032 depuis la dernière actualisation)
  • Le résultat moyen est 56 sur 100

Statistiques - réponses

RangSaisonClub de DépartClub d'ArrivéeMontantRéponse% Correct
221/22Aston VillaManchester City117 500 000 €Jack Grealish
95%
323/24West Ham UnitedArsenal FC116 600 000 €Declan Rice
93%
516/17Juventus TurinManchester United105 000 000 €Paul Pogba
92%
421/22Inter MilanChelsea FC113 000 000 €Romelu Lukaku
91%
1017/18FC EvertonManchester United84 700 000 €Romelu Lukaku
91%
122/23SL BenficaChelsea FC121 000 000 €Enzo Fernandez
90%
921/22Borussia DortmundManchester United85 000 000 €Jadon Sancho
87%
1615/16VFL WolfsburgManchester City76 000 000 €Kevin De Bruyne
87%
622/23Ajax AmsterdamManchester United95 000 000 €Antony
86%
723/24RB LeipzigManchester City90 000 000 €Josko Gvardiol
86%
1117/18FC SouthamptonFC Liverpool84 650 000 €Virgil van Dijk
86%
819/20Leicester CityManchester United87 000 000 €Harry Maguire
85%
1419/20Lille OSCArsenal FC80 000 000 €Nicolas Pépé
84%
1823/24Chelsea FCArsenal FC75 000 000 €Kai Havertz
83%
1320/21Bayer 04 LeverkusenChelsea FC80 000 000 €Kai Havertz
83%
1922/23SL BenficaFC Liverpool75 000 000 €Darwin Nunez
79%
2122/23Real MadridManchester United70 650 000 €Casemiro
78%
2322/23Shakhtar DonetskChelsea FC70 000 000 €Mykhaylo Mudryk
78%
6617/18AS MonacoManchester City50 000 000 €Bernardo Silva
77%
4022/23Borussia DortmundManchester City60 000 000 €Erling Haaland
77%
2618/19Leicester CityManchester City67 800 000 €Riyad Mahrez
76%
9817/18AS RomeFC Liverpool42 000 000 €Mohamed Salah
75%
2520/21SL BenficaManchester City68 000 000 €Ruben Dias
75%
3515/16FC LiverpoolManchester City63 700 000 €Raheem Sterling
74%
5122/23Manchester CityChelsea FC56 200 000 €Raheem Sterling
74%
2422/23Real SociedadNewcastle United70 000 000 €Alexandrer Isak
71%
3223/24AC MilanNewcastle United64 000 000 €Sandro Tonali
70%
3818/19AS RomeFC Liverpool62 500 000 €Alisson
69%
2014/15Real MadridManchester United75 000 000 €Angel Di Maria
68%
3923/24RB LeipzigChelsea FC60 000 000 €Christopher Nkunku
68%
3123/24Chelsea FCManchester United64 200 000 €Mason Mount
68%
3619/20Sporting CPManchester United63 000 000 €Bruno Fernandes
67%
1723/24Atalanta BCManchester United75 000 000 €Rasmus Hojlund
67%
3719/20Atlético MadridManchester City62 700 000 €Rodri
67%
4315/16AS MonacoManchester United60 000 000 €Anthony Martial
65%
2919/20Juventus TurinManchester City65 000 000 €Joao Cancelo
65%
3417/18Borussia DortmundArsenal FC63 750 000 €Pierre-Emerick Aubameyang
64%
4119/20Olympique LyonnaisTottenham Hotspur60 000 000 €Tanguy Ndombélé
64%
5617/18Olympique LyonnaisArsenal FC53 000 000 €Alexandre Lacazette
62%
4817/18AS MonacoManchester City57 500 000 €Benjamin Mendy
62%
1518/19Athletic BilbaoChelsea FC80 000 000 €Kepa Arrizabalaga
62%
3017/18Athletic BilbaoManchester City65 000 000 €Aymeric Laporte
61%
5922/23Manchester CityArsenal FC52 200 000 €Gabriel Jesus
61%
1222/23Leicester CityChelsea FC80 400 000 €Wesley Fofana
60%
2223/24RB LeipzigFC Liverpool70 000 000 €Dominik Szoboszlai
59%
5823/24Inter MilanManchester United52 500 000 €André Onana
58%
5717/18Tottenham HotspurManchester City52 700 000 €Kyle Walker
57%
9222/23Olympique LyonnaisWest Ham United42 950 000 €Lucas Paqueta
57%
5323/24Bayer 04 LeverkusenAston Villa55 000 000 €Moussa Diaby
57%
4610/11FC LiverpoolChelsea FC58 500 000 €Fernando Torres
56%
6921/22FC PortoFC Liverpool47 000 000 €Luis Diaz
56%
8118/19AS MonacoFC Liverpool45 000 000 €Fabinho
54%
7223/24Leicester CityTottenham Hotspur46 300 000 €James Maddison
52%
2822/23BrightonChelsea FC65 300 000 €Marc Cucurella
52%
9623/24BrightonFC Liverpool42 000 000 €Alexis Mac Allister
51%
7623/24AS MonacoChelsea FC45 000 000 €Axel Disasi
51%
5520/21RB LeipzigChelsea FC53 000 000 €Timo Werner
51%
7013/14Real MadridArsenal FC47 000 000 €Mesut Ozil
50%
9521/22Olympique LyonnaisNewcastle United42 100 000 €Bruno Guimaraes
49%
6822/23Leeds UnitedManchester City48 750 000 €Kalvin Phillips
49%
4722/23FC EvertonTottenham Hotspur58 000 000 €Richarlison
49%
3318/19Borussia DortmundChelsea FC64 000 000 €Christian Pulisic
48%
4418/19Shakhtar DonetskManchester United59 000 000 €Fred
48%
6016/17FC Schalke 04Manchester City52 000 000 €Leroy Sané
48%
4922/23Ajax AmsterdamManchester United57 370 000 €Lisandro Martinez
48%
9414/15FC BarceloneArsenal FC42 500 000 €Alexis Sanchez
47%
9722/23PSV EindhovenFC Liverpool42 000 000 €Cody Gakpo
47%
4218/19RB LeipzigFC Liverpool60 000 000 €Naby Keïta
47%
7520/21AFC BournemouthManchester City45 300 000 €Nathan Aké
47%
4521/22BrightonArsenal FC58 500 000 €Ben White
46%
9917/18Ajax AmsterdamTottenham Hotspur42 000 000 €Davinson Sanchez
46%
8520/21WolverhamptonFC Liverpool44 700 000 €Diogo Jota
46%
5216/17FC EvertonManchester City55 600 000 €John Stones
46%
2717/18Real MadridChelsea FC66 000 000 €Alvaro Morata
45%
5419/20Crystal PalaceManchester United55 000 000 €Aaron Wan-Bissaka
44%
5018/19SSC NaplesChelsea FC57 000 000 €Jorginho
44%
8019/20Real MadridChelsea FC45 000 000 €Mateo Kovacic
44%
6420/21Atlético MadridArsenal FC50 000 000 €Thomas Partey
40%
6120/21Leicester CityChelsea FC50 200 000 €Ben Chilwell
35%
7422/23FC EvertonNewcastle United45 600 000 €Anthony Gordon
34%
8314/15FC PortoManchester City45 000 000 €Eliaquim Mangala
33%
6223/24Atlético MadridWolverhampton50 000 000 €Matheus Cunha
33%
7723/24Sporting CPTottenham Hotspur45 000 000 €Pedro Porro
33%
7919/20AS MonacoLeicester City45 000 000 €Youri Tielemans
33%
6322/23Atalanta BCTottenham Hotspur50 000 000 €Cristian Romero
32%
9108/09Real MadridManchester City43 000 000 €Robinho
32%
9006/07AC MilanChelsea FC43 880 000 €Andriy Shevchenko
31%
8216/17MönchengladbachArsenal FC45 000 000 €Granit Xhaka
30%
7822/23Sporting CPWolverhampton45 000 000 €Matheus Nunes
30%
8413/14Chelsea FCManchester United44 730 000 €Juan Mata
28%
7302/03Leeds UnitedManchester United46 000 000 €Rio Ferdinand
28%
6519/20Eintracht FrankfurtWest Ham United50 000 000 €Sébastien Haller
28%
8823/24Leicester CityNewcastle United44 000 000 €Harvey Barnes
27%
8919/20TSG HoffenheimNewcastle United44 000 000 €Joelinton
26%
10016/17Borussia DortmundManchester United42 000 000 €Henrikh Mkhitaryan
24%
8617/18Chelsea FCManchester United44 700 000 €Nemanja Matic
22%
8715/16FC ValenceManchester City44 500 000 €Nicolas Otamendi
20%
9301/02Lazio RomeManchester United42 600 000 €Juan Sebastian Veron
19%
7115/16Aston VillaFC Liverpool46 500 000 €Christian Benteke
18%
6717/18Swansea CityFC Everton49 400 000 €Gyfli Sigurdsson
17%

Distribution des résultats

Percentile par nombre de réponses

% des personnes avec chaque résultat

Votre développement - résultats

Vous n’avez pas pris ce quiz depuis la dernière actualisation